000 00521nam a2200169 4500
001 108783
003 ES-MaACL
005 20230906184717.0
007 t|
008 061121s1923 fr r ||||1| fre d
100 1 _aMoure, P.
_983890
245 1 0 _aChirurgie vasculaire conservatrice
_b: technique, indications opératories et résultats /
_cP. Moure; préface de Ch. Lenormant.
260 _aParís :
_bLaval,
_c1923.
300 _a179 p. ;
_c20 cm.
700 1 _aLenormant, Ch.
_971540
852 _aES-MaACL
_jB-11981
999 _c108783
_d108783